Online Catalogue and eLibrary

Sri Lanka's peace process--2002 : (Record no. 227)

MARC details
000 -LEADER
fixed length control field 00582cam a2200193 a 4500
001 - CONTROL NUMBER
control field 13482363
005 - DATE AND TIME OF LATEST TRANSACTION
control field 20240130025043.0
008 - FIXED-LENGTH DATA ELEMENTS--GENERAL INFORMATION
fixed length control field 030908s2003 ce a 000 0 eng
020 ## - INTERNATIONAL STANDARD BOOK NUMBER
ISBN 9559102540
040 ## - CATALOGING SOURCE (பட்டியலாக்க மூலம்)
Original cataloging agency DLC
Transcribing agency DLC
082 ## - DDC Classification
DDC Edition Number 22
Class No. 305.8
245 00 - TITLE STATEMENT
Title Sri Lanka's peace process--2002 :
Remainder of title critical perspectives /
Statement of responsibility, etc. edited by Jayadeva Uyangoda, Morina Perera.
260 ## - PUBLICATION, DISTRIBUTION, ETC.
Place of publication, distribution, etc. Colombo :
Name of publisher, distributor, etc. Social Scientists' Association,
Date of publication, distribution, etc. 2003.
300 ## - PHYSICAL DESCRIPTION
Extent (e.g. Volumes, Pages etc.) xiii, 286 p. :
650 #0 - SUBJECT ADDED ENTRY--TOPICAL TERM
Topical term or geographic name entry element Tamil (Indic people)
700 1# - ADDED ENTRY--PERSONAL NAME
Personal name Uyangoda, Jayadeva.
Relator term (Role) Editor
700 1# - ADDED ENTRY--PERSONAL NAME
Personal name Perera, Morina.
Relator term (Role) Editor
942 ## - Koha item type (Biblio)
Koha item type Books in Stacks (Lending)
Holdings
Lost status Damaged status Collection code Home library Current library Date acquired Full call number Accession Number Item type
    Lending WERC Library WERC Library 01/30/2024 305.8 5552 Books in Stacks (Lending)

© WERC Library